01319nam a22002417a 450000500170000000800410001702000150005804000090007304100080008208200230009010000240011324500360013726000310017330000290020436500430023352005740027665000210085065000290087170000260090094200120092699900190093895201200095720220328150326.0220328b ||||| |||| 00| 0 eng d a8171675131 cAloy aeng 223a324.2092bDASS aSitanshu Das926332 aSubhas: bA political biography aNew DelhibRupa & Coc2001 axi,634 p.bHBc23x16 cm. 2Political Scienceb595.00c₹d595.00 aSubhas Chandra Bose is one of India's most controversial leaders. He was one of the few Indian leaders to attempt to win freedom by force and was a constant thorn in the side of the British, as well as Mahatma Gandhi. A revolutionary in every sense of the word, Bose spent his life haunted by a call of duty and would meet his death in attempting to answer that call in his own indomitable way. Subhas: A Political Biography explores the ideology and politics of a passionate intellect who sacrificed everything in his effort to win freedom for his country at any cost. aBiography926333 aPolitical Science926334 aDAS (Sitanshu)926335 2ddccGF c222059d222059 00102ddc40708PSaALbALd2022-03-24l1o324.2092 DASSpGF03894r2022-05-30 00:00:00s2022-05-21w2022-03-28yGF